Power and the Corporate Mind (Record no. 6825)
[ view plain ]
| 000 -LEADER | |
|---|---|
| fixed length control field | 00440nam a22001217a 4500 |
| 005 - DATE AND TIME OF LATEST TRANSACTION | |
| control field | 20250703111814.0 |
| 008 - FIXED-LENGTH DATA ELEMENTS--GENERAL INFORMATION | |
| fixed length control field | 250703b |||||||| |||| 00| 0 eng d |
| 050 ## - LIBRARY OF CONGRESS CALL NUMBER | |
| Classification number | HF5500 |
| Item number | .Z34 ZAL |
| 245 ## - TITLE STATEMENT | |
| Title | Power and the Corporate Mind |
| Remainder of title | What makes people tick, organisations run and executives manage |
| Statement of responsibility, etc. | Abraham Zaleznik & Manfred F. R. Kets De Vries |
| 260 ## - PUBLICATION, DISTRIBUTION, ETC. | |
| Place of publication, distribution, etc. | Boston |
| Name of publisher, distributor, etc. | Houghton Mifflin Company |
| Date of publication, distribution, etc. | 1975 |
| 500 ## - GENERAL NOTE | |
| General note | Includes Index |
| 942 ## - ADDED ENTRY ELEMENTS (KOHA) | |
| Source of classification or shelving scheme | Library of Congress Classification |
| Koha item type | Books |
| Suppress in OPAC | No |
| 999 ## - | |
| -- | 6825 |
| -- | 6825 |
| Withdrawn status | Lost status | Source of classification or shelving scheme | Damaged status | Not for loan | Collection | Home library | Current library | Shelving location | Date acquired | Total checkouts | Full call number | Barcode | Date last seen | Copy number | Price effective from | Koha item type |
|---|---|---|---|---|---|---|---|---|---|---|---|---|---|---|---|---|
| Library of Congress Classification | Non-fiction | Business Library (Miotso) | Business Library (Miotso) | General stacks | 07/03/2025 | HF5500 .Z34 ZAL | BSSM00002226 | 07/03/2025 | 1 | 07/03/2025 | Books |